Borussia Mönchengladbach Goalkeeper By Year - Statistics

General Stats
  • This quiz has been taken 263 times
    60 since last reset
  • The average score is 20 of 57
Answer Stats
Season Goalkeeper % Correct
2021-22 Yann Sommer
95%
2020-21 Yann Sommer
95%
2019-20 Yann Sommer
95%
2018-19 Yann Sommer
95%
2017-18 Yann Sommer
95%
2016-17 Yann Sommer
95%
2015-16 Yann Sommer
95%
2014-15 Yann Sommer
95%
2013-14 Marc-André ter Stegen
70%
2012-13 Marc-André ter Stegen
70%
2011-12 Marc-André ter Stegen
70%
2022-23 Jonas Omlin
63%
2024-25 Moritz Nicolas
46%
2023-24 Moritz Nicolas
46%
1997-98 Uwe Kamps
30%
1996-97 Uwe Kamps
30%
1995-96 Uwe Kamps
30%
1994-95 Uwe Kamps
30%
1993-94 Uwe Kamps
30%
1992-93 Uwe Kamps
30%
1991-92 Uwe Kamps
30%
1990-91 Uwe Kamps
30%
1989-90 Uwe Kamps
30%
1988-89 Uwe Kamps
30%
1987-88 Uwe Kamps
30%
1986-87 Uwe Kamps
30%
2010-11 Logan Bailly
27%
2009-10 Logan Bailly
27%
2008-09 Logan Bailly
27%
1981-82 Wolfgang Kleff
27%
1977-78 Wolfgang Kleff
27%
1975-76 Wolfgang Kleff
27%
1974-75 Wolfgang Kleff
27%
1973-74 Wolfgang Kleff
27%
1972-73 Wolfgang Kleff
27%
1971-72 Wolfgang Kleff
27%
1970-71 Wolfgang Kleff
27%
1969-70 Wolfgang Kleff
27%
2003-04 Jörg Stiel
20%
2002-03 Jörg Stiel
20%
2001-02 Jörg Stiel
20%
2006-07 Kasey Keller
16%
2005-06 Kasey Keller
16%
2004-05 Kasey Keller
16%
1998-99 Robert Enke
16%
1985-86 Ulrich Sude
11%
1984-85 Ulrich Sude
11%
1983-84 Ulrich Sude
11%
1982-83 Ulrich Sude
11%
1980-81 Ulrich Sude
11%
1965-66 Manfred Orzessek
9%
1979-80 Wolfgang Kneib
9%
1978-79 Wolfgang Kneib
9%
1976-77 Wolfgang Kneib
9%
1968-69 Volker Danner
7%
1967-68 Volker Danner
7%
1966-67 Volker Danner
7%
No matching quizzes found
Score Distribution
Percent of People with Each Score
Percentile by Number Answered
Your Score History
You have not taken this quiz since the last reset